Statistiques concernant Communes Limitrophes de Rennes

Cliquez ici pour prendre le quiz!

Statistiques générales

  • Ce quiz a été pris 476 fois
  • Le résultat moyen est 6 sur 10

Statistiques - réponses

Communes% Correct
EstCesson-Sevigné
94%
NordSaint-Grégoire
77%
Sud-EstChantepie
71%
Nord-OuestPacé
69%
Sud-OuestSaint-Jacques-de-la-Lande
69%
Nord-EstBetton
61%
OuestVezin-le-Coquet
53%
OuestLe Rheu
46%
SudNoyal-Châtillon-sur-Seiche
44%
Nord-OuestMontgermont
34%

Distribution des résultats

Percentile par nombre de réponses

% des personnes avec chaque résultat

Votre développement - résultats

Vous n’avez pas pris ce quiz